Midas, el oro y el burro /
Midas, rey de Frigia e hijo de Gordias, siempre tiene miedo a equivocarse y por eso recibe consejos de muchas personas: de su padre, de los sabios, del oráculo...Dionisio quiere darle un premio pero Midas duda, siempre duda. Y además, Apolo lo nombra jurado...¿Podrá el rey tomar decisiones sin arrep...
Guardado en:
| Autor Principal: | |
|---|---|
| Otros Autores: | , |
| Formato: | Libro |
| Idioma: | Undetermined |
| Publicado: |
Buenos Aires :
Edelvives,
2011.
|
| Edición: | 1a ed. 1a reimp. |
| Series: | Ala delta. Verde: Lectores avanzados ;
7 |
| Materias: | |
| Etiquetas: |
Agregar Etiqueta
Sin Etiquetas, Sea el primero en etiquetar este registro!
|
| LEADER | 01204nam a22002775a 4500 | ||
|---|---|---|---|
| 001 | CEM.cems020746 | ||
| 008 | 231212s2011####ag############000#0#und#d | ||
| 005 | 20231212181959.0 | ||
| 245 | 1 | 0 | |a Midas, el oro y el burro / |c Graciela Repún y Enrique Melantoni ; ilustrado por Carolina Farías. |
| 250 | |a 1a ed. 1a reimp. | ||
| 260 | |a Buenos Aires : |b Edelvives, |c 2011. | ||
| 300 | |a 64 p. | ||
| 490 | 1 | |a Ala delta. Verde: Lectores avanzados ; |v 7 | |
| 500 | |a A partir de los 10 años. | ||
| 520 | |a Midas, rey de Frigia e hijo de Gordias, siempre tiene miedo a equivocarse y por eso recibe consejos de muchas personas: de su padre, de los sabios, del oráculo...Dionisio quiere darle un premio pero Midas duda, siempre duda. Y además, Apolo lo nombra jurado...¿Podrá el rey tomar decisiones sin arrepentirse? | ||
| 020 | |a 9789876420136 | ||
| 100 | 1 | |a Repún, Graciela. | |
| 700 | 1 | |a Melantoni, Enrique. | |
| 700 | 1 | |a Farías, Carolina ; il. | |
| 653 | |a Literatura argentina | ||
| 653 | |a Teatro | ||
| 653 | |a Teatro juvenil | ||
| 653 | |a Teatro griego | ||
| 653 | |a Literatura infantil y juvenil | ||
| 653 | |a Literatura griega | ||
| 859 | |a CEMS |b BIB. CEMS - Inicial y Primaria |h 882 |i R299 |k IP |p 6746 |t Ej.1 | ||
